| 000 | 00406nam a22001457a 4500 | ||
|---|---|---|---|
| 003 | PILC | ||
| 005 | 20150601163352.0 | ||
| 008 | 150601b xxu||||| |||| 00| 0 eng d | ||
| 020 | _a9780307478429 | ||
| 050 |
_aPC 2073 _b.Es78 2010 |
||
| 245 | _aLiving Language / | ||
| 260 |
_aUSA : _bLiving Language, _c2010. |
||
| 500 | _aAn accompanying material of Essential french. (Notebook) | ||
| 942 |
_2lcc _cBK _kFOR |
||
| 999 |
_c284569 _d284569 |
||